01066nam a2200325Ia 450000500170000000800410001702000180005804100080007610000270008424500570011125000180016830000250018649000230021165000370023465000410027165000320031265000420034465000350038665000460042170000420046770000370050994200150054626400300056133600270059133700330061833800280065104000350067908400110071499900150072520220317001757.0170328s2016 s g 000 f s  a9788494510304 aspa1 aZola, Emiled1840-190210aNanácÉmile Zola ; traducción de Marie Mersoye a1a. edición a411 páginasc19 cm aGrandes clásicos142LEMBaNovela francesaySiglo XIX142LEMBaLiteratura francesaySiglo XIX142LEMBaAmor en la literatura142LEMBaProstitución en la literatura142LEMBaMujeres en la literatura142LEMBaCorte y cortesanos en la literatura1 aTrapero, Florentinoetraductor9905951 aCaudet, Franciscoeeditor990596 2loccBKLIT aBarcelonabPlutónc2016 atextobtxt2rdacontent asin mediaciónbn2rdamedia avolumenbnc2rdacarrier aCO-BoRNBPbspaerdacCO-BoRNBP aN ZOL1 c8065d8065